000 00688nam a22001937a 4500
005 20170320152534.0
010 _aENG-117554
020 _a9789386042163
_c895.00
035 _aEN-101086
037 _bDBAD/PUB
082 _a378.954
100 _aYreavdekar, Vidya Rajiv
245 _aInternationalization of higher education in India /
_cby Vidya Rajiv Yeravdekar [and] Gauri Tiwari
260 _aNew Delhi
_bSAGE Publications
_c2016
270 _aB 1/I-1 Mohan Corporative Industrial Area Mathura Road
_bNew Delhi
_e110044
300 _axIiii,285p. :
_bill
_c22cm(Hb)
500 _aIncludes bibliographical references and index
942 _2ddc
_cEN
_h378.954
_mYER
999 _c138362
_d138362